000 00606nam a2200205Ia 4500
003 GCL
008 140319s9999 xx 000 0 ara d
040 _aGCL /
_cGCL
082 0 4 _a410
_bع ل
100 1 _aعائشة عبدالرحمن
245 1 0 _aلغتنا والحياة /
_cعائشة عبدالرحمن
260 _a[S.N] :
_bدار المعارف ،
_c1991
300 _a215 ص
490 _a
650 0 4 _aاللغة العربية
650 0 4 _aاللهجات العربية
650 0 4 _aاللغة الفصحى
650 0 4 _aاللغة العربية - تاريخ
942 _2ddc
_cBK
999 _c28709
_d28709